Largest cities inside the Arctic Circle on a Map - Statistics

General Stats
  • This quiz has been taken 139 times
  • The average score is 4 of 15
Answers on the Map
Answers color-coded by a green-red scale on the quiz's map according to % correct below.
 
Answer Stats
Population City % Correct
292,465 Murmansk
92%
76,974 Tromsø
69%
180,976 Noril'sk
48%
52,357 Bodø
28%
20,952 Kiruna
28%
74,756 Vorkuta
22%
55,201 Apatity
16%
23,765 Harstad
15%
52,597 Severomorsk
11%
24,827 Naryan -Mar
10%
22,867 Dudinka
9%
28,625 Kirovsk
9%
45,050 Monchegorsk
9%
42,771 Kandalaksha
7%
29,975 Olenegorsk
6%
No matching quizzes found
Score Distribution
Percent of People with Each Score
Percentile by Number Answered
Your Score History
You have not taken this quiz